00510nam a22001577a 4500020001800000040000900018082001300027100002700040245003800067250001700105260005200122650004500174942001200219999001900231952010200250 a9780534943202 cNust a515bONE aPeter V' Oneil9125887 aAdvanced Engineering Mathematics  a4th Edition  aLondon:bBrooks/Cole Publishing Company,c1995. aAdvanced Engineering Mathematics 962117 2ddccBK c611533d611533 00102ddc4070aCEMEbCEMEcGENd2024-09-18l0o515 ONEpCEME- 33645r2024-09-18w2024-09-18yBK